[Event "South America-ch U18 Girls 16th"]
[Site "Buenos Aires"]
[Date "2019.12.04"]
[Round "6.5"]
[White "Francia Arzapalo, Gianella"]
[Black "Manriquez Abarzua, Maria Belen"]
[Result "1/2-1/2"]
[WhiteElo "1709"]
[BlackElo "1707"]
[PlyCount "50"]
[EventDate "2019.12.01"]
[EventType "swiss"]
[EventRounds "9"]
[EventCountry "ARG"]
[SourceTitle "EXT 2024"]
[Source "ChessBase"]
[SourceDate "2023.10.10"]
[SourceVersion "1"]
[SourceVersionDate "2023.10.10"]
[SourceQuality "1"]

1. d4 d5 2. c4 c6 3. cxd5 cxd5 4. Nc3 Nf6 5. Nf3 e6 6. e3 Nc6 7. Bd3 Bd6 8. 0-0 0-0 9. h3 Re8 10. e4 dxe4 11. Nxe4 Nd5 12. Nxd6 Qxd6 13. a3 b6 14. Qc2 Nf6 15. Rd1 h6 16. b3 Bb7 17. Bb2 Rac8 18. Qe2 Ne7 19. Rac1 Ned5 20. g3 Qd7 21. Ne5 Qe7 22. Ba6 Rxc1 23. Rxc1 Ba8 24. Bb5 Rf8 25. Bc6 Bxc6 1/2-1/2

[Event "South America-ch U18 Girls 16th"]
[Site "Buenos Aires"]
[Date "2019.12.01"]
[Round "1.1"]
[White "Borda Rodas, Anapaola S"]
[Black "Manriquez Abarzua, Maria Belen"]
[Result "0-1"]
[WhiteElo "2079"]
[BlackElo "1707"]
[PlyCount "42"]
[EventDate "2019.12.01"]
[EventType "swiss"]
[EventRounds "9"]
[EventCountry "ARG"]
[SourceTitle "EXT 2024"]
[Source "ChessBase"]
[SourceDate "2023.10.10"]
[SourceVersion "1"]
[SourceVersionDate "2023.10.10"]
[SourceQuality "1"]

1. e4 e5 2. Nf3 Nc6 3. Bc4 Bc5 4. Nc3 Nf6 5. d3 d6 6. Na4 Bb6 7. a3 Bg4 8. Nxb6 axb6 9. h3 Bh5 10. g4 Bg6 11. Bg5 h6 12. Bh4 Bh7 13. Qd2 g5 14. Nxg5 hxg5 15. Qxg5 Bg6 16. Qxf6 Rxh4 17. Qg7 Ke7 18. g5 Qh8 19. Qxh8 Raxh8 20. 0-0-0 Rxh3 21. Rhf1 Rf3 0-1

[Event "Santa Rosa Region (Women)"]
[Site "Santa Rosa"]
[Date "2019.05.11"]
[Round "3.1"]
[White "Contreras Suazo, Rocio Antonella"]
[Black "Manriquez Abarzua, Maria Belen"]
[Result "1-0"]
[WhiteElo "1630"]
[BlackElo "1757"]
[PlyCount "59"]
[EventDate "2019.05.11"]
[EventType "swiss"]
[EventRounds "6"]
[EventCountry "CHI"]
[SourceTitle "EXT 2024"]
[Source "ChessBase"]
[SourceDate "2023.10.10"]
[SourceVersion "1"]
[SourceVersionDate "2023.10.10"]
[SourceQuality "1"]

1. e4 e5 2. Nf3 Nc6 3. d4 exd4 4. Nxd4 Qf6 5. Nb3 Bb4+ 6. c3 Bd6 7. Be3 b6 8. N1d2 Bb7 9. Qc2 Bf4 10. Bxf4 Qxf4 11. g3 Qe5 12. Bg2 Nf6 13. 0-0-0 0-0-0 14. Kb1 Qe7 15. h3 Kb8 16. Rde1 d6 17. Nf3 Ne5 18. Nfd4 Qf8 19. f4 Ng6 20. e5 Nd5 21. e6 Nde7 22. Bxb7 Kxb7 23. Qg2+ Kb8 24. exf7 Qxf7 25. Ne6 Rde8 26. Nbd4 Nf8 27. Ng5 Qg6+ 28. Ka1 Qf6 29. Nc6+ Kc8 30. Ne4 1-0

[Event "Wch U18 Girls"]
[Site "Porto Carras"]
[Date "2018.10.23"]
[Round "5"]
[White "Zairbek Kyzy, Begimay"]
[Black "Manriquez Abarzua, Maria Belen"]
[Result "1-0"]
[WhiteElo "1919"]
[BlackElo "1630"]
[PlyCount "83"]
[EventDate "2018.10.20"]
[EventType "swiss"]
[EventRounds "11"]
[EventCountry "GRE"]
[SourceTitle "CBM 187 Extra"]
[Source "ChessBase"]
[SourceDate "2018.11.04"]
[SourceVersion "1"]
[SourceVersionDate "2018.11.04"]
[SourceQuality "1"]

1. e4 e5 2. Nf3 Nc6 3. Bc4 Bc5 4. b4 Bxb4 5. c3 Bc5 6. d4 exd4 7. cxd4 Bb4+ 8. Bd2 Bxd2+ 9. Nbxd2 d6 10. h3 Nf6 11. 0-0 0-0 12. Bd3 Re8 13. Rb1 Ne7 14. Qb3 Ng6 15. Bc4 Rf8 16. e5 d5 17. Bd3 Nh5 18. Rfe1 Nhf4 19. Bc2 b6 20. Rbd1 Ba6 21. Qe3 Ne6 22. g3 Qe7 23. h4 Rfd8 24. h5 Ngf8 25. Nh4 c5 26. Nf5 Qc7 27. Nf3 cxd4 28. N3xd4 Nxd4 29. Nxd4 Bc8 30. Rc1 Qb7 31. h6 g6 32. Qg5 Re8 33. Ba4 Qe7 34. Qf4 Bd7 35. Rc7 Rec8 36. Rb7 Qd8 37. Bxd7 Nxd7 38. Rxd7 Qxd7 39. Qf6 Kf8 40. e6 Qb7 41. Qg7+ Ke8 42. exf7+ 1-0

[Event "Santiago Region-ch (Women) 4th"]
[Site "Santiago de Chile"]
[Date "2018.09.29"]
[Round "3.2"]
[White "Manriquez Abarzua, Maria Belen"]
[Black "Varela Varas, Patricia"]
[Result "1-0"]
[WhiteElo "1629"]
[BlackElo "1578"]
[PlyCount "69"]
[EventDate "2018.09.29"]
[EventType "swiss"]
[EventRounds "6"]
[EventCountry "CHI"]
[SourceTitle "EXT 2024"]
[Source "ChessBase"]
[SourceDate "2023.10.10"]
[SourceVersion "1"]
[SourceVersionDate "2023.10.10"]
[SourceQuality "1"]

1. e4 e5 2. Nf3 Nc6 3. Bc4 Bc5 4. c3 Nf6 5. d4 exd4 6. cxd4 Bb6 7. Nc3 d6 8. Bg5 h6 9. Bh4 g5 10. Bg3 Bg4 11. Bb5 a6 12. Ba4 Bxf3 13. gxf3 Nd7 14. Bxc6 bxc6 15. Qa4 c5 16. Nd5 0-0 17. Qxd7 Ba5+ 18. Ke2 Qxd7 19. Nf6+ Kg7 20. Nxd7 Rfd8 21. Nxc5 dxc5 22. d5 f5 23. Be5+ Kg6 24. Rac1 fxe4 25. Rxc5 exf3+ 26. Kxf3 Rf8+ 27. Kg2 Bb6 28. Rc6+ Kh5 29. Bg3 Rad8 30. d6 Rf6 31. Rd1 Rdf8 32. Rdc1 Bxf2 33. Bxf2 cxd6 34. Rxa6 Re6 35. Rcc6 1-0

[Event "CHI-ch (Women)"]
[Site "Santiago de Chile"]
[Date "2017.01.07"]
[Round "9"]
[White "Manriquez Abarzua, Maria Belen"]
[Black "Henriquez Agurto, Antonia"]
[Result "0-1"]
[WhiteElo "1495"]
[BlackElo "1605"]
[PlyCount "38"]
[EventDate "2017.01.03"]
[EventType "swiss"]
[EventRounds "9"]
[EventCountry "CHI"]
[SourceTitle "CBM 176 Extra"]
[Source "ChessBase"]
[SourceDate "2017.03.02"]
[SourceVersion "1"]
[SourceVersionDate "2017.03.02"]
[SourceQuality "1"]

1. e4 e5 2. Nf3 Nc6 3. Bb5 Bc5 4. 0-0 Nge7 5. c3 Bb6 6. d4 exd4 7. cxd4 d5 8. Bxc6+ Nxc6 9. exd5 Qxd5 10. Re1+ Be6 11. Nc3 Qf5 12. Bg5 Nxd4 13. Nxd4 Bxd4 14. Qxd4 Qxg5 15. Nd5 0-0-0 16. Re5 Qg4 17. Qxg4 Bxg4 18. Ne7+ Kb8 19. Nf5 f6 0-1

[Event "South America-ch U16 Girls 13th"]
[Site "Santiago de Chile"]
[Date "2016.12.02"]
[Round "2"]
[White "Altamirano Contador, Fernanda"]
[Black "Manriquez Abarzua, Maria Belen"]
[Result "0-1"]
[WhiteElo "1368"]
[BlackElo "1461"]
[PlyCount "33"]
[EventDate "2016.12.01"]
[EventType "swiss"]
[EventRounds "9"]
[EventCountry "CHI"]
[SourceTitle "EXT 2018"]
[Source "ChessBase"]
[SourceDate "2017.10.13"]
[SourceVersion "1"]
[SourceVersionDate "2017.10.13"]
[SourceQuality "1"]

1. e4 e6 2. d3 d5 3. Nd2 c5 4. Ngf3 Nc6 5. g3 d4 6. Bg2 e5 7. 0-0 Nf6 8. Nc4 Bd6 9. c3 0-0 10. Bg5 Bg4 11. Qb3 b6 12. Qb5 Rc8 13. cxd4 Bxf3 14. Bxf6 Qxf6 15. Bxf3 Nxd4 16. Qd7 Nxf3+ 17. Kg2 0-1

[Event "South America-ch U16 Girls 13th"]
[Site "Santiago de Chile"]
[Date "2016.12.02"]
[Round "3"]
[White "Manriquez Abarzua, Maria Belen"]
[Black "Vildosola Canales, Melany Selena"]
[Result "1/2-1/2"]
[WhiteElo "1461"]
[BlackElo "1616"]
[PlyCount "72"]
[EventDate "2016.12.01"]
[EventType "swiss"]
[EventRounds "9"]
[EventCountry "CHI"]
[SourceTitle "EXT 2018"]
[Source "ChessBase"]
[SourceDate "2017.10.13"]
[SourceVersion "1"]
[SourceVersionDate "2017.10.13"]
[SourceQuality "1"]

1. e4 c5 2. Nf3 Nc6 3. d4 cxd4 4. Nxd4 Nf6 5. Nc3 e5 6. Nb3 Bb4 7. Bd3 d5 8. Bd2 Bxc3 9. Bxc3 dxe4 10. Bb5 0-0 11. Bxc6 bxc6 12. Qxd8 Rxd8 13. Bxe5 Ng4 14. Bf4 h6 15. h3 Nf6 16. 0-0 Be6 17. Nd2 Nd5 18. Bg3 e3 19. fxe3 Nxe3 20. Rf2 Nxc2 21. Rc1 Nb4 22. Rc3 Rd3 23. a3 Rxc3 24. bxc3 Nd5 25. Rf3 Rd8 26. Bf2 Nc7 27. Nf1 Nb5 28. a4 Nc7 29. Bxa7 Ra8 30. Bb6 Nd5 31. a5 Nxb6 32. axb6 Rb8 33. Ng3 Rxb6 34. Ne2 Rb2 35. Nf4 Rb8 36. Nxe6 fxe6 1/2-1/2

[Event "CHI-ch U20 Girls"]
[Site "Los Angeles"]
[Date "2016.01.19"]
[Round "3.3"]
[White "Lagos Poblete, Laura"]
[Black "Manriquez Abarzua, Maria Belen"]
[Result "0-1"]
[WhiteElo "846"]
[BlackElo "1417"]
[PlyCount "114"]
[EventDate "2016.01.18"]
[EventType "swiss"]
[EventRounds "9"]
[EventCountry "CHI"]
[SourceTitle "EXT 2024"]
[Source "ChessBase"]
[SourceDate "2023.10.10"]
[SourceVersion "1"]
[SourceVersionDate "2023.10.10"]
[SourceQuality "1"]

1. d4 d5 2. Nf3 Nf6 3. e3 e6 4. c4 Be7 5. Qb3 0-0 6. Nc3 b6 7. Ne5 Nbd7 8. Nc6 Qe8 9. Be2 Bb7 10. Nxe7+ Qxe7 11. Bf3 dxc4 12. Qxc4 Bxf3 13. gxf3 Rac8 14. Bd2 c5 15. Qa6 Nb8 16. Qb5 cxd4 17. exd4 Rfd8 18. 0-0 Rxd4 19. Be3 Rb4 20. Qe2 Rbc4 21. Bg5 h6 22. Bxf6 Qxf6 23. Ne4 Qg6+ 24. Ng3 h5 25. b3 Rc2 26. Qe4 Qxe4 27. Nxe4 Nd7 28. Nd6 R8c3 29. Ne4 Rxf3 30. Kg2 Rf4 31. Ng3 h4 32. Nh5 Rf5 33. Rad1 Nf8 34. Rc1 Rxc1 35. Rxc1 Rxh5 36. h3 Rc5 37. Rc4 Rxc4 38. bxc4 Nd7 39. Kf3 Ne5+ 40. Kf4 Nxc4 41. Kg4 a5 42. Kxh4 b5 43. Kg4 a4 44. h4 b4 45. h5 b3 46. axb3 axb3 47. Kg5 b2 48. h6 b1Q 49. hxg7 Qg6+ 50. Kf4 Qf5+ 51. Kg3 Ne5 52. f4 Qd3+ 53. Kf2 Qf3+ 54. Ke1 Nc4 55. f5 Qg2 56. fxe6 fxe6 57. Kd1 Qd2# 0-1

[Event "CHI-ch U20 Girls"]
[Site "Los Angeles"]
[Date "2016.01.18"]
[Round "2.1"]
[White "Manriquez Abarzua, Maria Belen"]
[Black "Gomez Barrera, Javiera Belen"]
[Result "0-1"]
[WhiteElo "1417"]
[BlackElo "1952"]
[PlyCount "78"]
[EventDate "2016.01.18"]
[EventType "swiss"]
[EventRounds "9"]
[EventCountry "CHI"]
[SourceTitle "EXT 2024"]
[Source "ChessBase"]
[SourceDate "2023.10.10"]
[SourceVersion "1"]
[SourceVersionDate "2023.10.10"]
[SourceQuality "1"]

1. d4 Nf6 2. c4 g6 3. Nc3 Bg7 4. e4 d6 5. Nf3 Nbd7 6. Be2 0-0 7. 0-0 e5 8. dxe5 dxe5 9. Bg5 h6 10. Bxf6 Bxf6 11. Qc2 c6 12. b4 Qe7 13. b5 Nc5 14. Rfd1 Ne6 15. Bf1 Nd4 16. Qd3 Bg4 17. Be2 Nxe2+ 18. Qxe2 Bg7 19. h3 Be6 20. Rac1 Rfd8 21. bxc6 bxc6 22. Nd2 f5 23. f3 Rd4 24. Kh1 Rad8 25. Ncb1 Qd7 26. Rc2 Qf7 27. Rdc1 Bf8 28. Nb3 Rd3 29. Na5 Qc7 30. Nb3 Bb4 31. a3 Bxa3 32. Nxa3 Rxb3 33. Rc3 Rxc3 34. Rxc3 f4 35. Nc2 Qb6 36. Rd3 Rb8 37. Rd6 Kf7 38. Qd3 Qc5 39. Na3 Ke7 0-1

[Event "CHI-ch U20 Girls"]
[Site "San Carlos"]
[Date "2015.02.12"]
[Round "5"]
[White "Manriquez Abarzua, Maria Belen"]
[Black "Vildosola Canales, Melany Selena"]
[Result "0-1"]
[WhiteElo "1460"]
[BlackElo "1412"]
[PlyCount "62"]
[EventDate "2015.02.10"]
[EventType "tourn"]
[EventRounds "7"]
[EventCountry "CHI"]
[SourceTitle "CBM 164 Extra"]
[Source "ChessBase"]
[SourceDate "2015.03.02"]
[SourceVersion "1"]
[SourceVersionDate "2015.03.02"]
[SourceQuality "1"]

1. d4 Nf6 2. c4 g6 3. Nf3 d5 4. g3 Bg7 5. Bg2 0-0 6. 0-0 Nbd7 7. Bg5 c5 8. Nc3 cxd4 9. Nxd4 dxc4 10. e4 h6 11. Bf4 e5 12. Bxh6 Bxh6 13. Nc2 Nc5 14. Qf3 Bg4 15. Rad1 Bxf3 16. Rxd8 Raxd8 17. Bxf3 Bd2 18. Nb5 a6 19. Nc7 Ba5 20. Nd5 Nxd5 21. exd5 e4 22. Be2 Nd3 23. Ne3 b5 24. Rb1 Bb6 25. Ng4 f5 26. Ne3 Bxe3 27. fxe3 Rxd5 28. Kf1 Kg7 29. h4 g5 30. h5 g4 31. Kg2 Rh8 0-1